000 00224nam a22000857a 4500
008 161227b xxu||||| |||| 00| 0 eng d
100 _92160
_aNehemia.A
245 _aWedding Clothes
260 _aNew Delhi
_bChildrens Book Trust
_c2011
999 _c5050
_d5050